Compendio de Farmacologia, ó tratado de materia médica y farmacéuticas (Record no. 152981)

MARC details
000 -LEADER
campo de control de longitud fija 01230nam a2200205 i 4500
001 - NÚMERO DE CONTROL
campo de control 152981
003 - IDENTIFICADOR DE NÚMERO DE CONTROL
campo de control ES-MaACL
005 - FECHA Y HORA DE LA ÚLTIMA TRANSACCIÓN
campo de control 20240217135153.0
008 - DATOS DE LONGITUD FIJA--INFORMACIÓN GENERAL
campo de control de longitud fija 980703s1827 sp |||| | spa d
040 ## - FUENTE DE CATALOGACIÓN
Centro catalogador/agencia de origen CLM
Lengua de catalogación spa
Centro/agencia transcriptor CCPB
100 1# - ENTRADA PRINCIPAL--NOMBRE DE PERSONA
Nombre de persona Carrasco, Juan Vicente.
9 (RLIN) 35530
245 10 - MENCIÓN DEL TÍTULO
Título Compendio de Farmacologia, ó tratado de materia médica y farmacéuticas
Resto del título : dispuesto con arreglo al que escribió en latin C. Sprengel /
Mención de responsabilidad, etc. Juan Vicente Carrasco.
260 ## - PUBLICACIÓN, DISTRIBUCIÓN, ETC.
Lugar de publicación, distribución, etc. Madrid :
Nombre del editor, distribuidor, etc. [s.n.],
Fecha de publicación, distribución, etc. 1827 (
Fabricante Imprenta que fué de García)
300 ## - DESCRIPCIÓN FÍSICA
Extensión 2 v. (VIII, 400 ; [4], 491 p.) ;
Dimensiones 16 cm.
650 04 - PUNTO DE ACCESO ADICIONAL DE MATERIA--TÉRMINO DE MATERIA
Término de materia o nombre geográfico como elemento de entrada Farmacología.
9 (RLIN) 12725
852 ## - LOCALIZACIÓN
Ubicación ES-MaACL
Número de control de estantería R-3461
condición física Margen informativo derecho de la portada. roto, afectando al pie de imp.
Nota libre Cotejado con la relación de obras recuperadas expediente robo
-- Cambio de signatura: datos tomados del fichero topográfico R.
itemnumber 158539
Signatura antigua Olim: G-10600
Designación de la unidad física vol.1
Encuadernación Encuadernación. pasta española
852 ## - LOCALIZACIÓN
Ubicación ES-MaACL
Número de control de estantería R-3462
condición física Margen informativo derecho de la portada. roto, afectando al pie de imp.
Nota libre Cotejado con la relación de obras recuperadas expediente robo
-- Cambio de signatura: datos tomados del fichero topográfico R.
itemnumber 158539
Signatura antigua Olim: G-10601
Designación de la unidad física vol.2
942 ## - ELEMENTOS DE ENTRADA SECUNDARIOS (KOHA)
Fuente del sistema de clasificación o colocación Clasificación decimal universal
Holdings
Estatus retirado Estado de pérdida Estado de daño No para préstamo Colección Biblioteca de origen Biblioteca actual Ubicación en estantería Fecha de adquisición Total de préstamos Signatura topográfica completa Código de barras Visto por última vez Precio de reemplazo Tipo de ítem Koha
        Libros del s. XIX Biblioteca del Ateneo de Madrid Biblioteca del Ateneo de Madrid Depósito 17/01/2008   R-3461-62 1159815 23/02/2023 23/02/2023 Libro impreso antiguo